000 00448nam a22001337a 4500
003 OSt
005 20240320125139.0
008 240320b |||||||| |||| 00| 0 eng d
040 _cCentral Library MRSPTU
100 _aProf. Dewan Singh ( ਪ੍ਰੋ. ਦੀਵਾਨ ਸਿੰਘ )
245 _aChatrik Pushp- Mala ( ਚਾਤ੍ਰਿਕ ਪੁਸ਼ਪ- ਮਾਲਾ)
260 _aPatiala
_bPunjabi University Patiala
_c1975
942 _2ddc
_cBK
_n0
999 _c9918
_d9918